| 000 | 01024nam a2200205Ia 4500 | ||
|---|---|---|---|
| 001 | 12481 | ||
| 003 | GE_BSU | ||
| 008 | 181216s||||||||xx |||||||||||||| ||und|| | ||
| 040 | _cGE_BSU | ||
| 080 | _a633.1(479.22) | ||
| 100 | _aМарджанишвили,Ю.В. | ||
| 245 | _aОсновные биоэкологические факторы возделывания пшеницы в степной зоне Восточной Грузии=აღმოსავლეთ საქართველოს ველის ზონაში ხორბლის მოყვანის ძირითადი ბიოეკოლოგიური ფაქტორები | ||
| 260 | _aТбилиси | ||
| 260 | _bМецниереба | ||
| 260 | _c1966 | ||
| 300 | _a193стр.22см. | ||
| 300 | _eТаблицы-43 | ||
| 653 | _aОсновные биоэкологические факторы возделывания пшеницы в степной зоне Восточной Грузии | ||
| 942 | _cBK | ||
| 999 |
_c45655 _d45655 |
||